00772 a2200157 45000010006000000050017000060080041000230030015000640400040000790800048001192450121001672640044002883000019003325050233003511000030005845431320260407155815.0260407a1979 arg spa dAR-UNSa-BCEJYS aAR-UNSa-BCEJYSbspacAR-UNSa-BCEJYS a347.7xDerecho Mercantil. Derecho Comercial10aLa gestión de créditos (bancaria y mercantil)pmodelos de evaluación de riesgos para normalizar las decisiones 1aBuenos Aires :bEdiciones Depalmac1979 a159 p.c23 cm. a1. El crédito - 2. Clasificación del crédito - 3. Política del crédito - 4. La gerencia de crédito - 5. El riesgo crediticio - 6. Medición del riesgo - 7. La decisón del crédito - 8. Cuantificación del riesgo1 aVillegas, Carlos Gilberto